Регионална библиотека "Любен Каравелов" - Русе

Фрицхен (Запис номер 135444)

MARC детайли
000 -Лидер
Контролно поле с фиксирана дължина nam a22 a 4500
003 - Код на организацията, давaща контролен номер
Контролно поле BLK
005 - Дата и час на последна редакция
Контролно поле 20201013144639.0
008 - Елементи от данни с фиксирана дължина
fixed length control field 180409b bul|||||r ||||||| ||bul||
010 ## - Наследен системен номер
LC control number KNG00141370000
040 ## - Източник на каталожния запис
Идентификатор на билиотеката - собственик на записа BLK
041 ## - Код за език
Код за езика на текст/звукозапис или на отделно заглавие Български
Код за езика КДБФ Български
080 ## - УДК
Текстов определител УДК Немска литература
УДК код - определител по УДК 821.112.2
УДК определител -2
УДК - код + определител 821.112.2-2
100 1# - Редна дума - Автор
Автор Зудерман, Херман
Авторска отговорност първи автор
R(LIN) 70306
139 ## - Редно поле
Редна дума Зудерман, Херман
Авторски знак Зуд - З 94
245 10 - Сведения за заглавието
Заглавие Фрицхен
Подзаглавни данни Едноактна драма
Редно поле (дума) Херман Зудерман; прев. от нем. Н. И..
257 ## - Страна на издаване
Страна на създаване/издаване Германия
260 ## - Област на издателските данни
Име на издателя, разпространителя и проч. сп. Библиотека
Година на издаване 1905 - 1906
Място на издаване, разпространение и проч. София
300 ## - Физическа характеристика
Страници 24 с.
Размери/Мащаб 20 см
380 ## - Жанр
Жанр Худож. лит.
490 ## - СЕРИИ (Колекции)
9 (RLIN) 435080
Име на серия Колекция Редки и ценни издания
500 ## - Общи забележки
Забележка Кн. с инв. №767389 е подв. към Чест / Х. Зудерман със сигн. Рб 896 и инв. № 8868/66.
653 ## - Ключова дума – ненормативна
Ключова дума пиеси
700 1# - Други автори (авторска отговорност)
Лично име Н. И.
Автороска отговорност (Описва отношението между автора и произведението) прев. от нем.
9 (RLIN) 324828
852 ## - Местоположение
Форматна сигнатура Рб 896
Фондова буква Редки и ценни
856 4# - Електронен адрес и достъп
Електронен формат pdf - файл
856 4# - Електронен адрес и достъп
Електронен формат pdf - файл
999 ## - СИСТЕМНИ КОНТРОЛНИ НОМЕРА
Koha biblionumber 135444
Koha biblioitemnumber 135444
942 ## - АРТИКУЛИ
Вид на библиотечния материал Книги
Скрит в OPAC Не
Периодичен библиозапис Да
944 ## - СЪЗДАВАНЕ И РЕДАКЦИЯ на ЗАПИСА
Създаване/Редакция Създаване
Дата на регистрацията/редакция 26.03.2013
Статус, дата на статуса ф /
Служител, извършил регистрацията/редакцията Людмила_Стоянова
944 ## - СЪЗДАВАНЕ И РЕДАКЦИЯ на ЗАПИСА
Създаване/Редакция Редакция
Дата на регистрацията/редакция 25.06.2013
Статус, дата на статуса ф /
999 ## - СИСТЕМНИ КОНТРОЛНИ НОМЕРА
Koha biblioitemnumber 135444
Наличности
Код за отписване Код за изгубен артикул Източник на класификационната схема Код за повреда Коз за рестрикции Код за отдаване Артикулен № Име на библиотеката - собственик Име на библиотеката, в която се намира в момента Статус (Текущо местоположение) Дата на вписване в системата Местоположение - отдел Цена в лева Инвентарен номер Систематично азбучна сигнатура Баркод Номер на екземпляра Цена в евро Служебна бележка Служебен тип на артикула
Изтеглен Не е изгубен Universal Decimal Classification Не е повреден без рестрикции заемане за дома 221420 Регионална библиотека "Любен Каравелов" Русе Регионална библиотека "Любен Каравелов" Русе Подвързия, Комплектуване 1905-01-01 Подвързия, Комплектуване 0.00 1726 Цб 8.205.1726 1726 1 0.00 Дост: DA N: стар фонд Дата: 01.01.1905 Книги
  Не е изгубен Universal Decimal Classification Не е повреден без рестрикции ползва се в читалня 221421 Регионална библиотека "Любен Каравелов" Русе Регионална библиотека "Любен Каравелов" Русе Хранилище 1905-01-01 Основен фонд - ползва се само за читалня 0.02 1726-а Цб 8.205.1726 900000072067 2 0.01 Дост: DA N: стар фонд Дата: 01.01.1905 Книги
  Не е изгубен Universal Decimal Classification Не е повреден само за читалня Специални фондове ( старопечатни, редки и ценни, фонд М. Арнаудов) 221422 Регионална библиотека "Любен Каравелов" Русе Регионална библиотека "Любен Каравелов" Русе Редки и ценни 2013-06-25 Редки и ценни 14.00 120000767389 Рб 896 120000767389 3 7.16 Дост: DA Вид: А N: 14 Дата: 25.06.2013 Дата инв: 19.12.2016 Бележки инв: Рц2016 Книги
Vip Innovations Ltd, Rousse, Bulgaria 2025